00828cam a2200205 4500020001500000082002500015100003300040245012800073260004200201300005600243490002400299500008100323500002900404526003700433650001300470650001600483942001200499999001900511952009200530 a085613000100a622bMICcL-16, P-561 aDe Michele, Vincenzo.94207414aThe world of minerals [translated from the Italian]cwith a foreword by G. F. Claringbull; photographs by Carlo Bevilacqua. aLondon,bOrbis Publishing Ltd,c1972. a[8], 128 p.bchiefly illus. (chiefly col.).c31 cm.0 aThe World of nature aNew ed. published in 1976 under title: Minerals, their beauty and structure. aTranslation of Minerali. a0b0c0d622_000000000000000_MIC 0aMCE9379 0aMineralogy. 2ddccBK c546056d546056 00102ddc4070aMCEbMCEd2014-06-02l0o622 MICpMCE-3625r2014-06-02w2014-06-02yBK